000 00539nam a2200157 4500
008 0 1979 0a 000 0Esp
020 _a84-291-7052-9
050 _aTP156.T7 B46 1979 T.II
082 _a660.2842 B163t T.II
100 _aBennett, C. O.
245 _aTransferencia de cantidad de movimiento, calor y materia / C.O. Bennett, J. E. Myers
260 _aEspaña : Reverté
300 _a459-928 p., T.II / 25 cm.
650 _a1. TRANSFERENCIA DE CALOR 2. TRANSFERENCIA DE MATERIA
700 _aI. Myers, J. E., coaut.
999 _c18794
_d18794